000 02498cam a22003617i 4500
001 17394636
003 OSt
005 20180116192423.0
008 120720s2013 enka 001 0 eng d
010 _a 2012944888
015 _aGBB307758
_2bnb
016 7 _a016260957
_2Uk
020 _a9780500516768
020 _a0500516766
035 _a(OCoLC)ocn826658905
040 _aUKMGB
_beng
_cUKMGB
_dOCLCO
_dSINPL
_dZGH
_dEEK
_dYDXCP
_dIUL
_dERASA
_dCDX
_dMNY
_dDLC
_erda
042 _alccopycat
050 0 0 _aTR655
_b.M396 2013
082 0 4 _a670.222
_223
100 1 _aMcLellan, Todd.
_97720
245 1 0 _aThings come apart :
_ba teardown manual for modern living /
_cTodd McLellan.
260 _aLondon ;
_aNew York :
_bThames & Hudson,
_c2013.
300 _a1 volume (various pagings, some folded) :
_bcolor illustrations ;
_c35 cm
500 _aIncludes index.
505 0 _aWe all have ADHD these days / Todd McLellan -- Mechanical pencil -- Stapler -- Swiss army knife -- Dial combination lock -- Digital watch -- Mechanical watch -- Lensatic compass -- Handheld GPS unit -- Flashlight -- Smartphone -- Computer mouse -- External hard drive -- Handheld games console -- Games console -- iPod 2 -- Walkman -- Hair straighteners -- Hair dryer -- iPad 2 -- The repair revolution / Kyle Wiens -- Record player -- Flip clock -- Rotary telephone -- Mantel clock -- SLR camera -- Digital SLR camera -- Digital video camera -- Video projector -- Power drill -- Desk lamp -- Telescope -- Toaster -- Blender -- DVD player -- Laptop computer -- Typewriter -- Printer -- Life lessons learned through tinkering / Gever Tulley -- Accordion -- Sewing machine -- Chainsaw -- Snowblower -- Keyboard -- Microwave oven -- Espresso machine -- Carpet steamer -- Push lawnmower -- Children's wagon -- Taking apart the past / Penny Bendall -- Bicycle -- Upright piano -- Two-seater light aircraft -- Falling apart: the future / Dr. Joseph Chiodo.
520 _aMaking visible the inner workings of some of the world's most familiar designs, this book reconnects you with the child-like joy of taking something apart to see how it works... guaranteed to appeal to anyone with a curiosity about the material world. -- Publisher's website.
600 1 0 _aMcLellan, Todd.
_97719
650 0 _aPhotography, Artistic.
_97721
650 0 _aManufactures
_vPictorial works.
_97722
906 _a7
_bcbc
_ccopycat
_d2
_encip
_f20
_gy-gencatlg
942 _2ddc
_cBK
999 _c353996
_d353996